| 000 | 00606nam a22002297a 4500 | ||
|---|---|---|---|
| 001 | 00028805 | ||
| 005 | 20260416170413.0 | ||
| 008 | 260416b ag ||||| |||| 00| 0 spa d | ||
| 020 | _a9789870707844 | ||
| 040 |
_aAR-CcCEOS _bspa _cAR-CcCEOS |
||
| 041 | _aspa | ||
| 080 | _a 860-36(82) | ||
| 090 | _bPRA | ||
| 100 | 1 |
_aPratt, Hugo _91073 |
|
| 245 |
_aCorto Maltés 13 : _bTango / _cHugo Pratt |
||
| 250 | _a1ª ed. | ||
| 260 |
_aBuenos Aires : _bArte Gráfico, _c2010. |
||
| 300 |
_av. 13, 112 p. ; _c21x14 cm. |
||
| 490 | _vCorto Maltés ; 13 | ||
| 655 | 0 |
_ahistorieta _9207 |
|
| 942 |
_2udc _cBK _n0 |
||
| 999 |
_c28841 _d28841 |
||